[Event "EYCC 2024 - G16"]
[Site "?"]
[Date "2024.08.28"]
[Round "6.14"]
[White "Poetscher, Katharina"]
[Black "Lorenz, Veronika"]
[Result "0-1"]
[BlackElo "1884"]
[WhiteElo "1737"]
[LiveChessVersion "1.4.8"]

1. d4 {[%clk 1:30:58]} Nf6 {[%clk 1:30:54]} 2. c4 {[%clk 1:31:20]} g6
{[%clk 1:31:20]} 3. Nc3 {[%clk 1:31:41]} Bg7 {[%clk 1:31:46]} 4. e4
{[%clk 1:32:03]} d6 {[%clk 1:32:12]} 5. f3 {[%clk 1:32:10]} O-O {[%clk 1:32:37]}
6. Be3 {[%clk 1:32:33]} e5 {[%clk 1:33:03]} 7. d5 {[%clk 1:32:54]} c6
{[%clk 1:33:16]} 8. Qd2 {[%clk 1:31:05]} cxd5 {[%clk 1:33:41]} 9. Nxd5
{[%clk 1:21:56]} Nxd5 {[%clk 1:34:06]} 10. Qxd5 {[%clk 1:21:59]} Nc6
{[%clk 1:25:45]} 11. O-O-O {[%clk 1:18:10]} Nb4 {[%clk 1:23:35]} 12. Qb5
{[%clk 1:13:08]} Nc6 {[%clk 1:13:29]} 13. Qd5 {[%clk 1:10:19]} Be6
{[%clk 1:04:33]} 14. Qd2 {[%clk 1:04:11]} Nd4 {[%clk 0:38:50]} 15. Kb1
{[%clk 0:58:07]} Qc7 {[%clk 0:34:52]} 16. b3 {[%clk 0:54:21]} a5 {[%clk 0:34:57]}
17. Ne2 {[%clk 0:54:00]} a4 {[%clk 0:28:16]} 18. Nxd4 {[%clk 0:51:13]} exd4
{[%clk 0:28:44]} 19. Bxd4 {[%clk 0:51:22]} axb3 {[%clk 0:29:08]} 20. axb3
{[%clk 0:49:42]} Bxd4 {[%clk 0:29:10]} 21. Qxd4 {[%clk 0:49:58]} Ra3
{[%clk 0:25:59]} 22. Kc2 {[%clk 0:46:41]} Rfa8 {[%clk 0:21:53]} 23. Rb1
{[%clk 0:45:53]} Ra2+ {[%clk 0:16:51]} 24. Rb2 {[%clk 0:43:28]} Ra1
{[%clk 0:17:20]} 25. Rg1 {[%clk 0:43:11]} b5 {[%clk 0:15:04]} 26. Rb1
{[%clk 0:41:05]} R8a2+ {[%clk 0:15:19]} 27. Kc1 {[%clk 0:40:34]} Qa5
{[%clk 0:15:34]} 28. Rxa1 {[%clk 0:37:17]} Qe1+ {[%clk 0:15:44]} 0-1